| 000 | 00466cam a2200169ua 4500 | ||
|---|---|---|---|
| 020 | _cRs.12/- | ||
| 041 |
_aeng _h |
||
| 082 |
_a828.09 _bWAT/JO |
||
| 100 | _aWatsen, George . | ||
| 245 |
_aJohn dryden of dramatic poesy and other united essayas in two volumes / _cGeorge, Wateson. _hTextual Documents |
||
| 260 |
_a : _bEvergreen publications , _c1962. |
||
| 300 | _a339 ; . | ||
| 365 | _aRs.12/- | ||
| 504 | _a | ||
| 942 | _cBK | ||
| 999 |
_c11995 _d11995 |
||